| 000 | 00544nam a2200169Ia 4500 | ||
|---|---|---|---|
| 008 | 240729s9999 xx 000 0 und d | ||
| 245 | 0 | _aInternational Journal of Criminal Justice Sciences | |
| 260 | _aIndia | ||
| 260 | _bDr. K. Jaishankar | ||
| 650 | _a Comparative law. International uniform law | ||
| 650 | _a Criminal law and procedure | ||
| 650 | _a Law in general. Comparative and uniform law. Jurisprudence | ||
| 650 | _aLaw | ||
| 856 | _uhttps://doaj.org/toc/37bf62f83b3d48f69880ed95aa78cbdf | ||
| 942 | _2ddc | ||
| 942 | _cDOAJEJ | ||
| 999 |
_c73092 _d73092 |
||
| 945 |
_a1 _bMadushi Gamage _c1 _dMadushi Gamage |
||